000 00612nam a2200205Ia 4500
001 15170
003 GE_BSU
008 181216s||||||||xx |||||||||||||| ||und||
040 _cGE_BSU
080 _a821.353.1-32
100 _aშავლიაშვილი, მედეა
245 _aმოთხრობები.
245 _cრედ:ი.ორჯონიკიძე;მხატვ:ნ.ცინცაძე
260 _aთბილისი
260 _bმერანი
260 _c1973
300 _a166გვ;16სმ.
653 _aმოთხრობები.
942 _cBK
999 _c48285
_d48285